Diseases of fruit crops
Guardat en:
| Autor principal: | |
|---|---|
| Format: | Llibre |
| Idioma: | anglès |
| Publicat: |
Nueva York
McGraw Hill
1956
|
| Col·lecció: | Agricultural Sciences
|
| Matèries: | |
| Etiquetes: |
Afegir etiqueta
Sense etiquetes, Sigues el primer a etiquetar aquest registre!
|
MARC
| LEADER | 00000nam a2200000 a 4500 | ||
|---|---|---|---|
| 001 | UCR2177 | ||
| 003 | CL-VaPUC | ||
| 008 | 980109e19560000US |||||||||||||||||eng|d | ||
| 082 | 0 | 4 | |a 632 |b AND |2 21 |
| 100 | 0 | |a Anderson, Harry Warren |e author |9 399953 | |
| 245 | 1 | 0 | |a Diseases of fruit crops |
| 300 | |a 501 p | ||
| 942 | |c BK | ||
| 945 | |d 19980109 00:00:00 |a jquezada | ||
| 260 | |a Nueva York |b McGraw Hill |c 1956 | ||
| 650 | 0 | |a Enfermedades de las plantas |9 259687 | |
| 650 | 0 | |a Control biológico |9 338554 | |
| 650 | 0 | |a Fitopatología |9 340456 | |
| 650 | 0 | |a Patología vegetal |9 325426 | |
| 650 | 0 | |a Epidemiología |9 271159 | |
| 650 | 7 | |a ENFERMEDADES FUNGOSAS |2 CL-VaPUC |9 340452 | |
| 650 | 0 | |a Virus vegetales |9 358382 | |
| 650 | 0 | |a Control de plagas |9 327373 | |
| 583 | |a last modification |c 19980109 00:00:00 |k Rodrigo Vera | ||
| 490 | 0 | |a Agricultural Sciences | |
| 999 | |c 265439 |d 265437 | ||